000 00658 a2200193 4500
999 _c2737
_d2737
020 _a9780631228950
050 _aJK275 MCK 2002
100 _aMckay, David
_eauthor
245 _aControversies in American politics and society /
_cDavid Mckay, David Houghton and Andrew Wroe
264 _aUnited States :
_bBlackwell Publishing,
_c2002
300 _avii, 210p. :
500 _aIncludes bibliographical references and index
650 _aUnited States
_xPolitics and government
650 _aPolitical planning
_xUnited States
651 _aAmerica
700 _aHoughton, David
_eauthor
700 _aWroe, Andrew
_eauthor
942 _2lcc
_cBK
_h275
_iMCK
_kJK